00426nam a2200169Ia 4500003000400000005001700004008004100021020001800062050002300080100001600103245004800119260003500167300003300202440000600235521000700241526000800248OSt20140319095707.0140130s9999 xx 000 0 und d a9780439735834 aPZ 7b.K45783 2005 aKern, Noris aI love you with all my heart /cNoris Kern. bScholastic,c2005.aNew York : a24 p. :bcol. ill. ;c26 cm. v1 aG2 c310